000
00504nam a2200181Ia 4500
008
090124s9999 xx 000 0 und d
082
_b
127245
100
_a
बर्वे अच्युत
245
_a
मातीचा वास
250
_a
2
260
_c
1996
300
_a
199
600
_a
बर्वे अच्युत
630
_a
मातीचा वास
700
_a
बर्वे अच्युत
730
_a
मातीचा वास
942
_c
BOOK
999
_c
173334
_d
173334